U.S. Secretaries of War - Statistics

General Stats
  • This quiz has been taken 10 times
  • The average score is 18 of 57
Answer Stats
Term Secretary % Correct
1925-1929 Dwight F. Davis
67%
1862-1868 Edwin M. Stanton
67%
1785-1794 Henry Knox
67%
1814-1815 James Monroe
67%
1853-1857 Jefferson Davis
67%
1817-1825 John C. Calhoun
67%
1876 Alphonso Taft
56%
1904-1908 William Howard Taft
56%
1781-1783 Benjamin Lincoln
44%
1876-1877 J. Donald Cameron
44%
1831-1836 Lewis Cass
44%
1881-1885 Robert Todd Lincoln
44%
1861-1862 Simon Cameron
44%
1911-1913 Henry L. Stimson
33%
1940-1945 Henry L. Stimson
33%
1796-1800 James McHenry
33%
1841 John Bell
33%
1829-1831 John H. Eaton
33%
1795 Timothy Pickering
33%
1845-1849 William Learned Marcy
33%
1879-1881 Alexander Ramsey
22%
1850-1853 Charles Magill Conrad
22%
1893-1897 Daniel S. Lamont
22%
1899-1904 Elihu Root
22%
1933-1936 George Dern
22%
1849-1850 George W. Crawford
22%
1877-1879 George W. McCrary
22%
1936-1940 Harry Hines Woodring
22%
1801-1809 Henry Dearborn
22%
1909-1911 Jacob M. Dickinson
22%
1825-1828 James Barbour
22%
1843-1844 James Madison Porter
22%
1929 James William Good
22%
1837-1841 Joel Roberts Poinsett
22%
1869 John Aaron Rawlins
22%
1813-1814 John Armstrong, Jr.
22%
1857-1860 John B. Floyd
22%
1841-1843 John Canfield Spencer
22%
1921-1925 John W. Weeks
22%
1861 Joseph Holt
22%
1947 Kenneth C. Royal
22%
1913-1916 Lindley Miller Garrison
22%
1908-1909 Luke Edward Wright
22%
1916-1921 Newton D. Baker
22%
1929-1933 Patrick J. Hurley
22%
1828-1829 Peter Buell Porter
22%
1889-1891 Redfield Proctor
22%
1945-1947 Robert P. Patterson
22%
1897-1899 Russell A. Alger
22%
1800-1801 Samuel Dexter
22%
1891-1893 Stephen Benton Elkins
22%
1885-1889 William Crowninshield Endicott
22%
1809-1813 William Eustis
22%
1815-1816 William H. Crawford
22%
1869-1876 William W. Belknap
22%
1844-1845 William Wilkins
22%
1868-1869 John McAllister
11%
No matching quizzes found
Score Distribution
Percent of People with Each Score
Percentile by Number Answered
Your Score History
You have not taken this quiz